| 000 | 00550nam a2200133 4500 | ||
|---|---|---|---|
| 008 | 030619s1999 ph eng | ||
| 090 |
_aBX870 _b1998 Nov _bP28i |
||
| 245 | 1 | 0 |
_aIncarnationis mysterium : _bbull of indiction of the Holy Father John Paul II to all the faithful journeying towrds the third millennium / _c. |
| 260 |
_aPasay City : _bDaughters of St. Paul, _cc1999. |
||
| 300 | _a32 p. | ||
| 600 | 1 | 4 | _aJohn Paul II, Pope, 1920-. |
| 650 | 4 | _aHoly Year, 2000 | |
| 951 |
_p25919 _x00026179 _oBX870/1998 Nov/P28i _j070613111239468 _d2000-12-21 _cFIL-P |
||
| 999 |
_c15151 _d15151 |
||